[Event "RUS-chT Premier 2021"]
[White "Alexeev,Alexey"]
[Black "Pershin,Denis"]
[WhiteTeam "Киммерия"]
[BlackTeam "СШОР"]
[Site "Sochi"]
[Round "7.21"]
[Annotator "NA"]
[Result "1-0"]
[Date "2021.05.08"]
[WhiteElo "2243"]
[BlackElo "2391"]
[PlyCount "81"]
[TimeControl "60"]

1. e4 {[%emt 0:0:0]} c5 {[%emt 0:0:0]} 2. Nf3 Nc6 {[%emt 0:0:0]} 3. Bb5 {[%emt 0:0:0]
} g6 {[%emt 0:0:0]} 4. Bxc6 {[%emt 0:0:0]} bxc6 {[%emt 0:0:0]} 5. 0-0 {[%emt 0:0:12]} Bg7 {[%emt 0:0:5]} 6. c3 {[%emt 0:0:21]} Nf6 {[%emt 0:0:10]
} 7. Re1 {[%emt 0:1:56]} 0-0 {[%emt 0:0:11]} 8. d4 {[%emt 0:0:0]} cxd4 {[%emt 0:0:8]} 9. cxd4 {[%emt 0:0:5]} d5 {[%emt 0:3:17]} 10. e5 {[%emt 0:2:36]} Ne4 {[%emt 0:0:43]} 11. Nc3 {[%emt 0:0:51]} Nxc3 {[%emt 0:0:0]} 12. bxc3 {[%emt 0:0:8]} Qa5 {[%emt 0:0:50]} 13. Bg5 {[%emt 0:3:45]} f6 {[%emt 0:2:41]} 14. exf6 {[%emt 0:3:45]} exf6 {[%emt 0:0:6]} 15. Bd2 {[%emt 0:0:59]
} Bf5 {[%emt 0:4:11]} 16. c4 {[%emt 0:9:37]} Qa6 {[%emt 0:0:0]} 17. cxd5 {[%emt 0:2:10]} cxd5 {[%emt 0:0:6]} 18. Bb4 {[%emt 0:0:48]} Rfc8 {[%emt 0:11:39]} 19. Bc5 {[%emt 0:1:13]} Rab8 {[%emt 0:1:22]} 20. Re3 {[%emt 0:3:41]
} Rb2 {[%emt 0:8:44]} 21. Nh4 {[%emt 0:15:8]} Be4 {[%emt 0:0:0]} 22. f3 {[%emt 0:0:58]} Bc2 {[%emt 0:0:15]} 23. Qe1 {[%emt 0:1:50]} Bf8 {[%emt 0:10:14]} 24. Re6 {[%emt 0:9:16]} Qa4 {[%emt 0:3:4]} 25. Rxf6 {[%emt 0:5:3]
} Re8 {[%emt 0:8:0]} 26. Rxf8+ {[%emt 0:24:41]} Rxf8 {[%emt 0:0:0]} 27. Qe6+ {[%emt 0:2:38]} Rf7 {[%emt 0:0:19]} 28. Qxd5 {[%emt 0:1:26]
} Bb1 {[%emt 0:0:26]} 29. h3 {[%emt 0:0:41]} Qe8 {[%emt 0:7:13]} 30. Kh2 {[%emt 0:1:54]
} Qd7 {[%emt 0:1:7]} 31. Bd6 {[%emt 0:1:58]} Qd8 {[%emt 0:0:0]} 32. Qe5 {[%emt 0:1:46]} g5 {[%emt 0:3:0]} 33. Ba3 {[%emt 0:2:14]} Rbb7 {[%emt 0:1:52]} 34. Rxb1 {[%emt 0:0:25]} Rxb1 {[%emt 0:3:8]} 35. Nf5 {[%emt 0:0:4]
} Rb6 {[%emt 0:2:6]} 36. d5 {[%emt 0:2:3]} Rbf6 {[%emt 0:0:0]} 37. Ne7+ {[%emt 0:0:37]} Kh8 {[%emt 0:1:22]} 38. d6 {[%emt 0:0:22]} h6 {[%emt 0:3:35]} 39. Bb2 {[%emt 0:2:41]} Kh7 {[%emt 0:1:37]} 40. Qe4+ {[%emt 0:0:0]
} Kg7 {[%emt 0:0:0]} 41. Qg6+ {[%emt 0:0:37]} 1-0

[Event "RUS-chT Premier 2021"]
[White "Askerov,Marat"]
[Black "Babakekhyan,Artem"]
[WhiteTeam "СШОР"]
[BlackTeam "Киммерия"]
[Site "Sochi"]
[Round "7.22"]
[Annotator "NA"]
[Result "0-1"]
[Date "2021.05.08"]
[WhiteElo "2353"]
[BlackElo "2214"]
[PlyCount "128"]
[TimeControl "60"]

1. Nf3 {[%emt 0:0:0]} Nf6 {[%emt 0:0:0]} 2. c4 {[%emt 0:0:0]} g6 {[%emt 0:0:0]
} 3. Nc3 {[%emt 0:0:0]} d5 {[%emt 0:0:4]} 4. cxd5 {[%emt 0:0:0]} Nxd5 {[%emt 0:0:4]} 5. h4 {[%emt 0:0:0]} h6 {[%emt 0:12:13]} 6. e4 {[%emt 0:0:5]} Nxc3 {[%emt 0:0:47]} 7. dxc3 {[%emt 0:0:6]} Qxd1+ {[%emt 0:0:0]} 8. Kxd1 {[%emt 0:0:2]} f6 {[%emt 0:11:45]} 9. h5 {[%emt 0:0:17]} g5 {[%emt 0:1:11]} 10. Be3 {[%emt 0:5:14]} e5 {[%emt 0:1:36]} 11. Bc4 {[%emt 0:0:0]} Nd7 {[%emt 0:0:50]} 12. Be6 {[%emt 0:3:43]} a5 {[%emt 0:11:48]} 13. a4 {[%emt 0:2:10]} Bd6 {[%emt 0:1:6]} 14. Nh2 {[%emt 0:12:17]} b6 {[%emt 0:0:0]} 15. Ng4 {[%emt 0:14:42]} Ke7 {[%emt 0:1:25]} 16. Bf5 {[%emt 0:3:8]} Bb7 {[%emt 0:4:10]} 17. Bxd7 {[%emt 0:18:11]} Kxd7 {[%emt 0:0:4]} 18. Nxf6+ {[%emt 0:0:23]} Ke6 {[%emt 0:0:32]} 19. Nd5 {[%emt 0:0:27]} Bxd5 {[%emt 0:0:0]} 20. exd5+ {[%emt 0:0:5]} Kxd5 {[%emt 0:0:5]} 21. Kc2 {[%emt 0:0:0]} Rhf8 {[%emt 0:3:15]} 22. Rad1+ {[%emt 0:1:30]} Kc6 {[%emt 0:0:36]} 23. Rhe1 {[%emt 0:5:29]} Rf5 {[%emt 0:2:0]} 24. Kd3 {[%emt 0:2:31]} Raf8 {[%emt 0:0:54]
} 25. Ke4 {[%emt 0:3:55]} R5f6 {[%emt 0:9:13]} 26. Re2 {[%emt 0:2:5]
} R6f7 {[%emt 0:0:51]} 27. b3 {[%emt 0:2:10]} Re8 {[%emt 0:0:0]} 28. Red2 {[%emt 0:0:31]} Ref8 {[%emt 0:0:57]} 29. Rd5 {[%emt 0:1:38]} Rf6 {[%emt 0:9:15]} 30. f3 {[%emt 0:1:0]} Rg8 {[%emt 0:1:4]} 31. R5d3 {[%emt 0:7:49]
} g4 {[%emt 0:1:4]} 32. Rh1 {[%emt 0:5:15]} gxf3 {[%emt 0:0:0]} 33. gxf3 {[%emt 0:0:1]} Rg3 {[%emt 0:0:16]} 34. Bc1 {[%emt 0:1:2]} Kd7 {[%emt 0:0:55]} 35. Rh4 {[%emt 0:0:28]} Ke6 {[%emt 0:1:15]} 36. Bd2 {[%emt 0:0:50]
} Rg2 {[%emt 0:0:59]} 37. Bc1 {[%emt 0:0:28]} Rg1 {[%emt 0:0:0]} 38. Bd2 {[%emt 0:0:14]} Rb1 {[%emt 0:0:36]} 39. c4 {[%emt 0:0:25]} Rd1 {[%emt 0:0:42]} 40. Ke3 {[%emt 0:0:0]} Rg1 {[%emt 0:0:0]} 41. Ke4 {[%emt 0:12:3]
} Rg2 {[%emt 0:6:18]} 42. Bc3 {[%emt 0:8:22]} Rg5 {[%emt 0:0:0]} 43. Rd2 {[%emt 0:3:48]} Rgf5 {[%emt 0:3:8]} 44. Rh3 {[%emt 0:8:3]} Bc5 {[%emt 0:0:48]} 45. Rd8 {[%emt 0:1:9]} Rf4+ {[%emt 0:0:12]} 46. Kd3 {[%emt 0:0:4]
} Rxf3+ {[%emt 0:0:19]} 47. Rxf3 {[%emt 0:0:3]} Rxf3+ {[%emt 0:0:5]
} 48. Kc2 {[%emt 0:0:2]} Rf8 {[%emt 0:0:33]} 49. Rd5 {[%emt 0:0:0]} Rf5 {[%emt 0:2:11]} 50. Rd8 {[%emt 0:0:45]} Rxh5 {[%emt 0:0:26]} 51. Re8+ {[%emt 0:0:26]} Be7 {[%emt 0:1:27]} 52. Bd2 {[%emt 0:0:24]} Rh2 {[%emt 0:0:24]
} 53. Kd1 {[%emt 0:1:6]} Kd7 {[%emt 0:0:35]} 54. Rh8 {[%emt 0:0:0]} h5 {[%emt 0:0:42]} 55. Rh7 {[%emt 0:0:15]} Ke6 {[%emt 0:0:19]} 56. c5 {[%emt 0:0:24]} Bxc5 {[%emt 0:0:54]} 57. Rxc7 {[%emt 0:0:6]} Kd5 {[%emt 0:0:45]
} 58. Rh7 {[%emt 0:0:52]} Bd4 {[%emt 0:0:27]} 59. b4 {[%emt 0:0:0]} axb4 {[%emt 0:0:50]} 60. Bxb4 {[%emt 0:0:5]} Kc4 {[%emt 0:0:11]} 61. Be1 {[%emt 0:1:36]} Kd3 {[%emt 0:0:20]} 62. Rg7 {[%emt 0:0:38]} e4 {[%emt 0:0:33]
} 63. Rg3+ {[%emt 0:0:55]} e3 {[%emt 0:0:5]} 64. Rg5 {[%emt 0:0:0]} Ra2 {[%emt 0:0:33]} 0-1

[Event "RUS-chT Premier 2021"]
[White "Pervakov,Sergey"]
[Black "Saveliev,Alexei"]
[WhiteTeam "Киммерия"]
[BlackTeam "СШОР"]
[Site "Sochi"]
[Round "7.23"]
[Annotator "NA"]
[Result "1/2-1/2"]
[Date "2021.05.08"]
[WhiteElo "2056"]
[BlackElo "2358"]
[PlyCount "124"]
[TimeControl "60"]

1. d4 {[%emt 0:0:0]} Nf6 {[%emt 0:0:0]} 2. Nf3 {[%emt 0:0:0]} d5 {[%emt 0:2:13]
} 3. Bf4 {[%emt 0:0:15]} c5 {[%emt 0:0:24]} 4. e3 {[%emt 0:0:0]} Nc6 {[%emt 0:1:59]} 5. c3 {[%emt 0:0:15]} cxd4 {[%emt 0:0:14]} 6. exd4 {[%emt 0:1:32]} Bf5 {[%emt 0:0:18]} 7. Nbd2 {[%emt 0:0:54]} e6 {[%emt 0:0:0]} 8. Be2 {[%emt 0:2:54]} Bd6 {[%emt 0:2:27]} 9. Bxd6 {[%emt 0:8:20]} Qxd6 {[%emt 0:0:2]} 10. 0-0 {[%emt 0:0:9]} 0-0 {[%emt 0:13:27]} 11. Re1 {[%emt 0:2:31]
} a6 {[%emt 0:0:38]} 12. a4 {[%emt 0:0:11]} Bg4 {[%emt 0:3:22]
} 13. Ne5 {[%emt 0:17:1]} Bxe2 {[%emt 0:0:28]} 14. Qxe2 {[%emt 0:0:18]} Ne7 {[%emt 0:0:38]} 15. a5 {[%emt 0:2:24]} Qc7 {[%emt 0:0:39]} 16. Nb3 {[%emt 0:0:0]} Ne4 {[%emt 0:7:25]} 17. f3 {[%emt 0:6:46]} Nd6 {[%emt 0:0:5]} 18. Nc5 {[%emt 0:1:13]} Nc6 {[%emt 0:0:14]} 19. Nxc6 {[%emt 0:8:17]} Qxc6 {[%emt 0:0:5]
} 20. Qd3 {[%emt 0:3:38]} Rfe8 {[%emt 0:0:35]} 21. f4 {[%emt 0:0:0]} Re7 {[%emt 0:3:39]} 22. Re2 {[%emt 0:4:31]} Qc7 {[%emt 0:2:56]} 23. b4 {[%emt 0:4:4]} Rae8 {[%emt 0:5:22]} 24. Rae1 {[%emt 0:3:51]} Nc4 {[%emt 0:5:30]
} 25. Qf3 {[%emt 0:4:30]} Qd6 {[%emt 0:2:51]} 26. Qg4 {[%emt 0:0:0]} g6 {[%emt 0:2:22]} 27. Qg5 {[%emt 0:2:48]} Kg7 {[%emt 0:1:7]} 28. Rf1 {[%emt 0:0:39]} f6 {[%emt 0:11:2]} 29. Qh4 {[%emt 0:0:43]} b6 {[%emt 0:0:0]} 30. axb6 {[%emt 0:0:14]} Qxb6 {[%emt 0:0:4]} 31. Qh3 {[%emt 0:2:14]
} a5 {[%emt 0:8:18]} 32. bxa5 {[%emt 0:1:4]} Nxa5 {[%emt 0:0:2]} 33. Rfe1 {[%emt 0:0:38]} f5 {[%emt 0:0:38]} 34. Qd3 {[%emt 0:2:45]} Nc4 {[%emt 0:0:0]} 35. g3 {[%emt 0:2:0]} e5 {[%emt 0:10:4]} 36. fxe5 {[%emt 0:2:14]} Nxe5 {[%emt 0:0:2]} 37. Nd7 {[%emt 0:3:12]} Rxd7 {[%emt 0:0:22]} 38. Rxe5 {[%emt 0:0:5]
} Rxe5 {[%emt 0:2:22]} 39. Rxe5 {[%emt 0:0:7]} Qc6 {[%emt 0:0:0]} 40. Qe3 {[%emt 0:0:0]} Qc7 {[%emt 0:0:0]} 41. h4 {[%emt 0:17:0]} h5 {[%emt 0:12:35]} 42. Kg2 {[%emt 0:9:2]} Kh7 {[%emt 0:1:17]} 43. Re8 {[%emt 0:2:44]
} Rf7 {[%emt 0:1:28]} 44. Qe6 {[%emt 0:1:6]} Qd7 {[%emt 0:0:0]} 45. Qe5 {[%emt 0:1:10]} Rg7 {[%emt 0:0:12]} 46. Qb8 {[%emt 0:2:20]} Rf7 {[%emt 0:0:8]} 47. Rh8+ {[%emt 0:2:28]} Kg7 {[%emt 0:0:0]} 48. Qe5+ {[%emt 0:0:35]
} Rf6 {[%emt 0:0:4]} 49. Ra8 {[%emt 0:2:38]} Qe6 {[%emt 0:0:0]} 50. Ra7+ {[%emt 0:0:22]} Kg8 {[%emt 0:0:9]} 51. Ra8+ {[%emt 0:1:5]} Kg7 {[%emt 0:0:11]} 52. Ra7+ {[%emt 0:0:5]} Kg8 {[%emt 0:0:2]} 53. Kf3 {[%emt 0:1:3]
} Qxe5 {[%emt 0:6:56]} 54. dxe5 {[%emt 0:0:5]} Rc6 {[%emt 0:0:0]} 55. Kf4 {[%emt 0:0:29]} Kf8 {[%emt 0:1:30]} 56. Rd7 {[%emt 0:1:15]} Ke8 {[%emt 0:0:55]} 57. Rxd5 {[%emt 0:0:7]} Ke7 {[%emt 0:0:16]} 58. Ra5 {[%emt 0:0:48]
} Rc4+ {[%emt 0:0:34]} 59. Kg5 {[%emt 0:0:29]} Rg4+ {[%emt 0:0:0]} 60. Kh6 {[%emt 0:0:12]} Rxg3 {[%emt 0:0:2]} 61. Ra6 {[%emt 0:0:48]} Rg4 {[%emt 0:1:35]} 62. c4 {[%emt 0:0:20]} Rxh4 {[%emt 0:1:2]} 1/2-1/2